000 00547nam a22001697a 4500
999 _c68542
_d68539
082 _aR/1EE19
100 _aZeeshan
100 _aRoll No. 19EE13
100 _aSupervisor - Dr. Mahdi Hassan Mallah
245 _aDesign and Optimization of Stand Alone PV System for the Electrification of EEE Department using Homer Software
260 _aNawabshah
_bQUEST
_c2023
300 _a43p
700 _aDepartment of Energy & Environment
700 _aShahbaz Hyder (Roll No. 19EE08)
700 _aWaseem Khan (Roll No. 19EE45)
942 _cTHESIS